00606nam a2200205Ia 4500003000500000008004100005020001800046040001900064082000700083100002000090245004200110246002300152260003900175300000900214365000800223546001400231942001600245999001700261952012200278STCL221019s9999 xx 000 0 und d a9789390234868 aSTCLcSTCLbEN 222 aParakadavu, P K 0aപെരുവിരൽ കഥകൾ aPeruviral kathakal bMathrubhumi BooksaKozhikodec2020 a63 p b100 aMalayalam cBK2DDCe22 c88829d88829 00102DDC4070aSTCALbSTCALcGENd0000-00-00l1oM814 PAR-Pp97786r2026-06-06 15:11:02s2026-06-01w2022-10-19yBK